000
00240nam a22000857a 4500
008
160711b xxu||||| |||| 00| 0 eng d
100
_9
2547
_a
Berger, C.F., et al
245
_a
Houghton Miffin Science
260
_a
N.J
_b
Houghton Mifflin Com.
_c
1979
999
_c
2213
_d
2213